|
|
|
|
| LEADER |
00000cam a22000004a 4500 |
| 001 |
musev2_73937 |
| 003 |
MdBmJHUP |
| 005 |
20230905051642.0 |
| 006 |
m o d |
| 007 |
cr||||||||nn|n |
| 008 |
200305s2019 nbu o 00 0 eng d |
| 020 |
|
|
|a 9780989353762
|
| 020 |
|
|
|z 9780989353731
|
| 020 |
|
|
|z 0989353761
|
| 035 |
|
|
|a (OCoLC)1143219726
|
| 040 |
|
|
|a MdBmJHUP
|c MdBmJHUP
|
| 245 |
0 |
0 |
|a Nebraska Isolation and Quarantine Manual /
|c edited by Theodore J. Cieslak, Mark G. Kortepeter, Christopher J. Kratochvil, and James V. Lawler.
|
| 264 |
|
1 |
|a Lincoln, Nebraska :
|b University of Nebraska Press,
|c [2019]
|
| 264 |
|
3 |
|a Baltimore, Md. :
|b Project MUSE,
|c 2020
|
| 264 |
|
4 |
|c ©[2019]
|
| 300 |
|
|
|a 1 online resource (250 pages).
|
| 336 |
|
|
|a text
|b txt
|2 rdacontent
|
| 337 |
|
|
|a computer
|b c
|2 rdamedia
|
| 338 |
|
|
|a online resource
|b cr
|2 rdacarrier
|
| 505 |
0 |
|
|a Tiered national system for response to outbreaks -- Legal considerations for quarantine and isolation -- Pathogens of concern -- Quarantine operations -- Management of the person under investigation (PUI) -- Conventional isolation -- High level containment care (HLCC) operations -- Patient care in high level containment care (HLCC) units -- Viral hemorrhagic fevers -- Airborne diseases -- Orthopoxviruses -- Miscellaneous diseases -- Diseases warranting airborne precautions -- Other quarantinable diseases -- Special populations -- Laboratory operations -- Transportation -- Waste handling -- Mortuary affairs -- Public health partnership -- Clinical research in a biocontainment environment.
|
| 506 |
0 |
|
|a Open Access
|f Unrestricted online access
|2 star
|
| 588 |
|
|
|a Description based on print version record.
|
| 650 |
2 |
2 |
|a Communicable Disease Control.
|
| 650 |
2 |
2 |
|a Patient Isolation
|x methods.
|
| 650 |
1 |
2 |
|a Quarantine
|x methods.
|
| 650 |
|
0 |
|a Quarantine.
|
| 610 |
2 |
0 |
|a University of Nebraska Medical Center.
|
| 655 |
|
7 |
|a Electronic books.
|2 local
|
| 700 |
1 |
|
|a Lawler, James V.,
|e editor.
|
| 700 |
1 |
|
|a Kratochvil, Christopher J.,
|e editor.
|
| 700 |
1 |
|
|a Kortepeter, Mark,
|e editor.
|
| 700 |
1 |
|
|a Cieslak, Ted,
|e editor.
|
| 710 |
2 |
|
|a University of Nebraska Press,
|e issuing body.
|
| 710 |
2 |
|
|a Project Muse.
|e distributor
|
| 830 |
|
0 |
|a Book collections on Project MUSE.
|
| 856 |
4 |
0 |
|z Texto completo
|u https://projectmuse.uam.elogim.com/book/73937/
|